Roblox Rise of Nations Name All Releasables - Statistics

General Stats
  • This quiz has been taken 8 times
  • The average score is 139 of 316
Answer Stats
Country(s) Releasable % Correct
USA Texas
100%
Georgia Abkhazia
83%
Canada Alberta
83%
Papua New Guinea Bougainville
83%
Brazil Rio de Janeiro
83%
Russia Siberia
83%
Indonesia Aceh
67%
Eritrea/Ethiopia Afar
67%
Finland Aland
67%
Azerbaijan Artsakh
67%
Germany Bavaria
67%
USA California
67%
South Africa Cape Republic
67%
Canada, USA Cascadia
67%
USA Confederate States of America
67%
Ukraine Crimea
67%
China East Turkestan
67%
Russia Far Eastern Republic
67%
India Gujarat
67%
Uzbekistan Karakalpakstan
67%
Russia Karelia
67%
India Kashmir
67%
China Manchuria
67%
Saint Kitts and Nevis Nevis
67%
United States New England
67%
Georgia, Russia Ossetia
67%
Canada Quebec
67%
Morocco, Spain Rif
67%
Brazil São Paulo
67%
Germany Saxony
67%
Germany Schleswig-Holstein
67%
United Kingdom Scotland
67%
Australia Tasmania
67%
China Tibet
67%
United Kingdom Wales
67%
Morocco Western Sahara
67%
Ghana Western Togoland
67%
Indonesia West Papua
67%
Mexico Yucatan
67%
Canada Acadia
50%
Niger Agadez
50%
Japan Ainu-Mosir
50%
Iran Al-Ahwaz
50%
USA Alaska
50%
Brazil Amazonia
50%
Cameroon Ambazonia
50%
Comoros Anjouan
50%
Colombia Antioquia
50%
Spain Aragon
50%
Myanmar (Burma) Arakan
50%
India Arunachal Pradesh
50%
India Assam
50%
Iraq, Syria Assyria
50%
Spain Asturias
50%
Mali Azawad
50%
Portugal Azores
50%
USA Aztlan
50%
Germany Baden-Wurttemberg
50%
Mexico Baja California
50%
Spain Balearic Islands
50%
Indonesia Bali
50%
Afghanistan, Iran, Pakistan Balochistan
50%
Philippines Bangsamoro
50%
Antigua and Barbuda Barbuda
50%
Zambia Barotseland
50%
Democratic Republic of the Congo Bas-Congo
50%
France, Spain Basque
50%
Egypt, Sudan Beja
50%
Nigeria Biafra
50%
Denmark Bornholm
50%
France Brittany
50%
Russia Buryatia
50%
Spain Canary Islands
50%
Ukraine Carpathian Rus
50%
Senegal Casamance
50%
France, Spain Catalonia
50%
Indonesia Central Java
50%
Russia Chechnya
50%
Mexico Chiapas
50%
Colombia Choco
50%
United Kingdom Cornwall
50%
France Corsica
50%
Libya Cyrenaica
50%
Sudan Darfur
50%
Vietnam Degar
50%
Russia Don
50%
Ukraine Donetsk
50%
India Dravida Nadu
50%
Indonesia East Java
50%
Brazil Espirito Santo
50%
Libya Fezzan
50%
Belgium Flanders
50%
Germany, Netherlands Frisia
50%
Italy Friuli
50%
China Fujian
50%
Spain Galicia
50%
China Guangdong
50%
China Guangxi
50%
Yemen Hadhramaut
50%
China Hakkaland
50%
USA Hawaii
50%
China Hexi
50%
Laos, Vietnam Hmong
50%
Russia Ingushetia
50%
Mexico Jalisco
50%
Indonesia Jambi
50%
Algeria Kabylia
50%
Myanmar (Burma) Kachin
50%
Russia Kalmykia
50%
Democratic Republic of the Congo Katanga
50%
India, Pakistan Khalistan
50%
Russia Komi
50%
Russia Kuban
50%
Iran, Iraq, Syria, Türkiye Kurdistan
50%
Ukraine Luhansk
50%
Angola Lunda-Tchokwe
50%
India Marathastan
50%
Argentina Mendoza
50%
Philippines Mindanao
50%
India Mizoram
50%
Kenya Mombasa
50%
Comoros Mwali
50%
Canada Newfoundland and Labrador
50%
Brazil Nordeste
50%
Cyprus Northern Cyprus
50%
Mexico Nuevo Leon
50%
France Occitania
50%
Ukraine Odessa
50%
Ethiopia Ogaden
50%
Ethiopia Oromia
50%
Indonesia Palembang
50%
Argentina, Chile Patagonia
50%
USA Puerto Rico
50%
Germany Rhineland
50%
Indonesia Riau
50%
Japan Ryukyu
50%
Germany Saarland
50%
Malaysia Sabah
50%
Egypt Sa'id
50%
Bolivia Santa Cruz
50%
Malaysia Sarawak
50%
Italy Sardinia
50%
Myanmar (Burma) Shan
50%
China Shandong
50%
Italy Sicily
50%
India Sikkim
50%
Pakistan Sindhudesh
50%
Somalia Somaliland
50%
Mexico Sonora
50%
Iran South Azerbaijan
50%
Republic of the Congo South Congo
50%
China Southern Mongolia
50%
Georgia South Ossetia
50%
Peru South Peru
50%
Afghanistan South Turkestan
50%
Yemen South Yemen
50%
Brazil Sul
50%
Indonesia Sulawesi
50%
Germany Thuringia
50%
Ethiopia Tigray
50%
Trinidad and Tobago Tobago
50%
India Tripura
50%
Russia Tuva
50%
Russia Ural Republic
50%
Spain Valencia
50%
Argentina, Chile Wallmapu
50%
Belgium Wallonia
50%
Australia Westralia
50%
Russia Yakutia
50%
China Yunnan
50%
Tanzania Zanzibar
50%
France Alsace
33%
Spain Andalusia
33%
India Andaman and Nicobar Islands
33%
Russia Astrakhan
33%
Russia Avaria
33%
Pakistan Balawaristan
33%
Russia Balkaria
33%
Bangladesh Bangabhumi
33%
Indonesia Bangka Belitung
33%
Indonesia Banten
33%
Russia Bashkortostan
33%
Indonesia Batakland
33%
Indonesia Bengkulu
33%
Ukraine Budjak
33%
Angola Cabinda
33%
India Chhattisgarh
33%
Mexico Chihuahua
33%
Japan Chubu
33%
Japan Chugoku
33%
Federated States of Micronesia Chuuk
33%
Russia Chuvashia
33%
Russia Circassia
33%
Mexico Coahuila
33%
USA Deseret
33%
China Anhui
33%
Italy Emilia
33%
Russia Erzya
33%
Indonesia Flores
33%
India Goa
33%
India Gorkhaland
33%
China Guizhou
33%
China Hai-nam
33%
Germany Hannover
33%
India Harijanistan
33%
Afghanistan Hazarajat
33%
Saudi Arabia Hejaz
33%
Germany Hesse
33%
China Hok-giong
33%
China Hubei
33%
China Hui
33%
China Hunan
33%
Malaysia Johor
33%
Indonesia Kalimantan
33%
Russia Kaliningrad
33%
India Kangleipak
33%
Japan Kansai
33%
Russia Karachay
33%
Myanmar (Burma) Kayah
33%
Ukraine Kharkov
33%
Pakistan Khyber Pakhtunkhwa
33%
Nepal Kirat
33%
Democratic Republic of the Congo Kivu
33%
China Kongsi
33%
Russia Kumykia
33%
Japan Kyushu
33%
Haiti La Gonave
33%
Indonesia Lampung
33%
Azerbaijan Lezgistan
33%
Italy Liguria
33%
Costa Rica Limon
33%
Central African Republic Logone
33%
Italy Lombardy
33%
ItalyIndonesia Lombok
33%
Germany Lusatia
33%
Portugal Madeira
33%
Nepal Madhesh
33%
India Madhya Pradesh
33%
Russia Mari El
33%
United Kingdom Mercia
33%
Indonesia Minahasa
33%
Indonesia Minangkabau
33%
Russia Moksha
33%
Honduras, Nicaragua Moskitia
33%
Zimbabwe Mthwakazi
33%
India Nagalim
33%
Italy Naples
33%
New Zealand New Munster
33%
Indonesia Nias
33%
Nigeria Niger Delta
33%
Uganda Nile Republic
33%
Indonesia North Maluku
33%
United Kingdom Northumbria
33%
Mexico Oaxaca
33%
India Odisha
33%
Nigeria Oduduwa
33%
Thailand Pattani
33%
Italy Piedmont
33%
Russia Pomorje
33%
France Provence
33%
China Qinghai
33%
India Rajputana
33%
Italy Romagna
33%
Switzerland Romandie
33%
Russia Saint Petersburg
33%
Colombia San Andres
33%
Canada Saskatchewan
33%
Sweden Scania
33%
China Shanghai
33%
China Shanxi
33%
Japan Shikoku
33%
China Sichuan
33%
Czechia, Poland Silesia
33%
Mexico Sinaloa
33%
Indonesia South Maluku
33%
Indonesia Sumba
33%
Indonesia Sumbawa
33%
Mexico Tabasco
33%
Azerbaijan Talysh-Mughan
33%
Mexico Tamaulipas
33%
Sri Lanka Tamil Eelam
33%
Russia Tatarstan
33%
Russia Terek
33%
Indonesia Timor-Barat
33%
Japan Tohoku
33%
Chad, Libya Toubouland
33%
Moldova Transnistria
33%
Romania Transylvania
33%
Italy Tuscany
33%
Russia Udmurtia
33%
Italy Valdosta
33%
Italy Venetia
33%
Mexico Veracruz
33%
Serbia Vojvodina
33%
India West Bengal
33%
South Africa Xhosaland
33%
Micronesia Yap
33%
Indonesia Yogyakarta
33%
Russia Yugra
33%
China Zhejiang
33%
China Zhongzhou
33%
South Africa Zululand
33%
Indonesia East Sumatra
17%
Russia Ingria
17%
China Jiangshu
17%
India Meghalaya
17%
Sweden Norrland
17%
Canada Nova Scotia
17%
Saudi Arabia Qatif
17%
South Sudan Rol Naath
17%
France Savoy
17%
Italy Trieste
17%
South Africa Volkstaat
17%
Malawi Nykia
0%
China Sinkiang
0%
Namibia Zambesia
0%
No matching quizzes found
Score Distribution
Percent of People with Each Score
Percentile by Number Answered
Your Score History
You have not taken this quiz